000 01172nam a2200253 i 4500
001 163083
003 ES-MaACL
005 20260204115056.0
008 010920s1903 sp |||| | spa d
080 _a910:061.22(460.27 M.)
080 _a910(091)
100 1 _aTorres Campos, Rafael,
_d1853-1904
_9110935
245 1 0 _aMemoria sobre el progreso de los trabajos geográficos en 1900 :
_bleída en la Junta general de la Sociedad Geográfica de Madrid el dia 18 de junio de 1901 /
_cpor el secretario general de la misma, Don Rafael Torres Campos.
260 _aMadrid :
_b[Real Sociedad Geográfica],
_c1903 (
_fImp. y Litogr. del Depósito de la Guerra)
300 _a60 p. ;
_c24 cm.
530 _aDisponible en formato digital.
594 _aPrecede al tít.: Del Boletín de la Real Sociedad Geográfica.
650 7 _aGeografía-
_vHistoria
_9171842
710 2 _aReal Sociedad Geográfica
_96403
852 _aES-MaACL
_jC-1133(1)
_cSPAL
_xEncuadernación holandesa, conservado cubierta original
856 4 _uhttp://bdh-rd.bne.es/viewer.vm?id=0000108444&page=1
_yBiblioteca Digital Hispánica
942 _2udc
999 _c163083
_d163083